00416nam a2200121Ia 4500008004100000245010200041260003900143260000900182300000900191650002600200650001200226856005600238170516s9999 xx 000 0 und d a Splenic artery embolisation in the non-operative management of blunt splenic trauma in adults bSouth African Journal of Radiology c2016 a20:1 xRadiologic Technology xRadtech uhttp://www.sajr.org.za/index.php/sajr/issue/view/54